CATÁLOGO PÚBLICO DE LA BIBLIOTECA OSCAR VARSAVSKY

Metodología del marco lógico para la planificación, el seguimiento y la evaluación de proyectos y programas (Registro nro. 11767)

Detalles MARC
000 -CABECERA
campo de control de longitud fija 00498nam a22001697a 4500
001 - NÚMERO DE CONTROL
campo de control T027600011361
008 - DATOS DE LONGITUD FIJA--INFORMACIÓN GENERAL
campo de control de longitud fija 181111b xve|||||r|||| 00| | esp d
020 ## - NÚMERO INTERNACIONAL ESTÁNDAR DEL LIBRO
Número Internacional Estándar del Libro 92-1-322719-1
099 ## - SIGNATURA TOPOGRÁFICA LOCAL
Número de clasificación 658404
Cutter OR77
100 ## - ENTRADA PRINCIPAL--NOMBRE DE PERSONA
Nombre de persona Ortegón, Edgar
245 ## - MENCIÓN DE TÍTULO
Título Metodología del marco lógico para la planificación, el seguimiento y la evaluación de proyectos y programas
260 ## - PUBLICACIÓN, DISTRIBUCIÓN, ETC. (PIE DE IMPRENTA)
Lugar de publicación, distribución, etc.
300 ## - DESCRIPCIÓN FÍSICA
Extensión 123p. : il.
500 ## - NOTA GENERAL
Nota general Impreso
650 ## - PUNTO DE ACCESO ADICIONAL DE MATERIA--TÉRMINO DE MATERIA
Término de materia o nombre geográfico como elemento inicial Elaboración de Proyectos--Metodología
942 ## - ELEMENTOS DE PUNTO DE ACCESO ADICIONAL (KOHA)
Tipo de ítem Koha Libro
Existencias
Estado de retiro Estado de pérdida Estado dañado No para préstamo Localización permanente Ubicación/localización actual Fecha de adquisición Total de préstamos Signatura topográfica completa Código de barras Fecha visto por última vez Precio válido a partir de Tipo de ítem Koha Número de copia
        Oscar Varsavsky Oscar Varsavsky 13.11.2018   658404 OR77 T027600013866 13.11.2018 13.11.2018 Libro  
        Oscar Varsavsky Oscar Varsavsky 13.11.2018   658404 OR77 T027600013867 13.11.2018 13.11.2018 Libro e.2